Miasta nad Bałtykiem - nagła śmierć - Statystyki

Ogólne statystyki
  • Ten quiz został rozwiązany 126 razy
  • Średni wynik to 6 z 24
Answers on the Grid
Answers color-coded by a green-red scale on the quiz's grid according to % correct below.
Aarhus
Archangielsk
Bremerhaven
Dyneburg
Elbląg
Esbjerg
Gdańsk
Gdynia
Goteborg
Hamburg
Helsinki
Karlskrona
Kilonia
Kłajpeda
Kołobrzeg
Kopenhaga
Koszalin
Królewiec
Linköping
Lipawa
Lubeka
Luleå
Lund
Malmo
Murmańsk
Norrköping
Oulu
Petersburg
Rostock
Ryga
Schwerin
Słupsk
Świnoujście
Szczecin
Sztokholm
Tallin
Tampere
Tczew
Turku
Uppsala
 
Statystyki odpowiedzi
Odpowiedź % Poprawnych
Gdańsk
67%
Gdynia
62%
Świnoujście
49%
Kołobrzeg
42%
Królewiec
33%
Ryga
33%
Goteborg
31%
Kłajpeda
31%
Helsinki
29%
Tallin
29%
Lubeka
24%
Petersburg
24%
Sztokholm
24%
Kilonia
22%
Malmo
22%
Aarhus
20%
Kopenhaga
20%
Rostock
20%
Karlskrona
18%
Lipawa
7%
Oulu
4%
Turku
4%
Norrköping
2%
Luleå
0%
Nie znaleziono quizów pasujących do podanych kryteriów
Rozkład punktacji
Procent ludzi z każdym wynikiem
Percentyl według liczby udzielonych odpowiedzi
Twoja historia wyników
Nie rozwiązałeś tego quizu